| 000 | 00336nam a22001337a 4500 | ||
|---|---|---|---|
| 008 | 240618b |||||||| |||| 00| 0 eng d | ||
| 020 | _a978-81-317-1683-0 | ||
| 100 | _aPhilip Kotler & Kevin Lane Keller | ||
| 245 | _aMarketing Management | ||
| 250 | _a13th | ||
| 260 |
_aDelhi _bPearson Pub. _c2009 |
||
| 300 | _a647 | ||
| 942 |
_2ddc _cBK |
||
| 999 |
_c20747 _d20747 |
||